| 000 | 004910000a22001690004500 | ||
|---|---|---|---|
| 090 |
_aAR _b01113 |
||
| 245 | 1 | 0 | _aProductos naturales: una revisión actualizada de las plantas medicinales |
| 650 | 1 | 4 |
_aPlantas útiles _992936 |
| 650 | 1 | 4 |
_aFarmacología _918890 |
| 650 | 1 | 4 |
_aFitoterapia _918816 |
| 651 | 4 |
_pEspaña _992749 |
|
| 041 | 0 | _aEspañol | |
| 700 | 1 |
_aAmado, E. _994352 |
|
| 100 | 1 |
_aMadridejos, R. _994353 |
|
| 942 | _cARTICULO | ||
| 773 | 1 |
_tActualización _3412 _h8 _q505-525 _d1997 _g4 |
|
| 999 |
_c10199 _d10199 |
||